| 000 | 00572nam a2200217 i 4500 | ||
|---|---|---|---|
| 001 | bg | ||
| 100 | 1 | _aGRZEGORCZYK, Andrzej | |
| 245 | 0 |
_aZarys logiki matematycznej / _cAndrzej Grzegorczyk. |
|
| 250 | _aWyd. 5. | ||
| 260 |
_aWarszawa : _bPWN, _c1981. |
||
| 300 |
_a510, [2] s. : _brys. |
||
| 490 | 1 | _aBiblioteka Matematyczna | |
| 650 | 9 | _aLogika matematyczna | |
| 655 | _aPodręczniki akademickie | ||
| 830 | _aBiblioteka Matematyczna | ||
| 040 | _cBPK | ||
| 041 | _apol | ||
| 080 | _a510.6(075.8) | ||
| 942 | _cKS | ||
| 008 | s pl f |000 0 pol | ||
| 999 |
_c22796 _d22796 |
||
| 856 |
_uhttp://koha.tu.koszalin.pl/cgi-bin/koha/opac-detail.pl?biblionumber=22796 _yKatalog online BPK |
||